Únos princa /

Uložené v:
Podrobná bibliografia
Hlavný autor: Holtz-Baumert, Gerhard (Author)
Ďalší autori: Vojtášek, Alexej, 1952-2023 (Illustrator)
Médium: Kniha
Jazyk:Slovak
German
Vydané: Košice : Východoslovenské vydavateľstvo, 1985.
Vydanie:1. vyd.
Edícia:Otvor sa, rozprávka
Témy:
ISBN: (viaz.)
Fyzický popis: 95 s.
Tagy: Pridať tag
Žiadne tagy, Buďte prvý kto otaguje tento záznam!

MARC

LEADER 00000nam a2200000 a 4500
001 000074639
003 SVKK
005 20240513090102.0
008 991129s1985 xo e sloo
020 |a (viaz.) 
040 |a SVKKK  |b slo  |c SVKKK  |e AACR2 
041 1 |a slo  |h ger 
044 |a xo  |c SK 
080 |a 830-93-3 Holtz-Baumert, G.=854  |2 1997 
080 |a 75.056 Vojtášek, A.  |2 1997 
100 1 |a Holtz-Baumert, Gerhard  |4 aut 
245 1 0 |a Únos princa /  |c Gerhard Holtz-Baumert ; ilustr. Alexej Vojtášek. 
250 |a 1. vyd. 
260 |a Košice :  |b Východoslovenské vydavateľstvo,  |c 1985. 
300 |a 95 s. 
490 1 |a Otvor sa, rozprávka 
500 |a Preklad z nem. orig. 
655 7 |a publikácie pre deti  |2 SVKKKPH 
700 1 |a Vojtášek, Alexej,  |d 1952-2023  |4 ill 
830 0 |a Otvor sa, rozprávka 
910 |a svkkk 
974 |a MI  |d 19991129 
974 |a PA  |d 19991129 
974 |a PA  |d 20010430 
998 |a BK 
090 |g SCKHL  |k Sklad Pribinova 3. posch.  |a V.139203  |j 726024  |i 2720966419  |s Povinný výt. 
090 |g SCKHL  |k Sklad Pribinova 3. posch.  |a V.190482  |j 875903  |i 2720854139  |s Absenčne